000 00391nam a22001457a 4500
008 250709b |||||||| |||| 00| 0 eng d
020 _a9780857203656
050 _aBV 4832.3
_b.O78
100 _aOsteen Joel
245 _aDaily Reading from its your time
260 _aLondon
_bfree Press
_c2010
300 _aVii, 279p.
_bill.
650 _aChristians-prayers and doctrines
942 _cBK
999 _c4221
_d4221